[Event "SK Sodingen/Castrop 1 - Gütersloher SV"]
[Site "NRW-Klasse - Gruppe 2 2018/20"]
[Date "2019.01.13"]
[Round "5.3"]
[White "Kretschmann, Michael"]
[Black "Kusnetsov, Mark"]
[Result "1-0"]
[WhiteElo "2075"]
[BlackElo "2117"]
[PlyCount "67"]
[EventDate "2019.??.??"]
[WhiteTeam "Gütersloher SV 1"]
[BlackTeam "SK Sodingen/Castrop 1"]

1. g3 d5 2. Bg2 Nf6 3. d3 e5 4. Nf3 Nc6 5. O-O Be7 6. Nbd2 O-O 7. e4 dxe4 8.
dxe4 Bg4 9. h3 Bh5 10. c3 Qd3 11. Re1 Rad8 12. Bf1 Qd7 13. Qe2 h6 14. g4 Bg6
15. Bg2 Nh7 16. Nf1 h5 17. g5 f6 18. Nh4 Qe8 19. Bf3 Nxg5 20. Bxg5 fxg5 21.
Nxg6 Qxg6 22. Bxh5 Qf6 23. Ne3 g6 24. Bg4 Bc5 25. Qc4+ Kh8 26. Qxc5 Qxf2+ 27.
Kh1 Rd2 28. Re2 Rxe2 29. Bxe2 Rd8 30. Rd1 Qxe2 31. Rxd8+ Nxd8 32. Qf8+ Kh7 33.
Qe7+ Kh6 34. Ng4+ 1-0

[Event "SK Sodingen/Castrop 1 - Gütersloher SV"]
[Site "NRW-Klasse - Gruppe 2 2018/20"]
[Date "2019.01.13"]
[Round "5.5"]
[White "Grochtmann, Stephan"]
[Black "Hille, Ralph Ingo"]
[Result "1/2-1/2"]
[WhiteElo "1985"]
[BlackElo "2066"]
[PlyCount "50"]
[EventDate "2019.??.??"]
[WhiteTeam "Gütersloher SV 1"]
[BlackTeam "SK Sodingen/Castrop 1"]

1. Nc3 d5 2. e4 Nf6 3. e5 d4 4. exf6 dxc3 5. fxg7 cxd2+ 6. Bxd2 Bxg7 7. Qf3 Nc6
8. O-O-O Qd6 9. Bc3 Qh6+ 10. Kb1 Bd7 11. Rxd7 Bxc3 12. Rxc7 Be5 13. Rxb7 O-O
14. Bb5 Nd4 15. Qg4+ Kh8 16. Ne2 f5 17. Qh3 Qxh3 18. gxh3 Rab8 19. Rxb8 Rxb8
20. Nxd4 Bxd4 21. a4 a6 22. c3 axb5 23. cxd4 bxa4 24. Kc2 Rb4 25. Rd1 Rc4+
1/2-1/2

[Event "SK Sodingen/Castrop 1 - Gütersloher SV"]
[Site "NRW-Klasse - Gruppe 2 2018/20"]
[Date "2019.01.13"]
[Round "5.6"]
[White "Mueller, Frank"]
[Black "Asani, Baskim"]
[Result "0-1"]
[WhiteElo "1991"]
[BlackElo "1901"]
[PlyCount "106"]
[EventDate "2019.??.??"]
[WhiteTeam "SK Sodingen/Castrop 1"]
[BlackTeam "Gütersloher SV 1"]

1. e4 e6 2. d4 d5 3. Nd2 a6 4. Ngf3 c5 5. dxc5 Bxc5 6. Bd3 Nf6 7. O-O Nc6 8. c3
O-O 9. e5 Nd7 10. Nb3 Be7 11. Re1 f6 12. exf6 Bxf6 13. Bc2 Re8 14. Bf4 Nf8 15.
Nbd4 Qb6 16. Rb1 Bd7 17. Ne5 Nxd4 18. cxd4 Rac8 19. Re3 Red8 20. Qd2 Be8 21.
Rbe1 Kh8 22. Bb1 Qa7 23. g4 g6 24. g5 Bg7 25. h4 b5 26. Kg2 a5 27. Nf3 b4 28.
Be5 Qf7 29. Bxg7+ Kxg7 30. a3 Rb8 31. axb4 Rxb4 32. Rc3 Rdb8 33. Ne5 Qa7 34.
Qf4 Qe7 35. Nd3 R4b6 36. Qe5+ Kg8 37. Nf4 Qg7 38. Qxg7+ Kxg7 39. Rc7+ Kg8 40.
Bd3 Bf7 41. Ra1 Rb4 42. Ne2 Rb3 43. Nf4 R3b4 44. Ne2 e5 45. dxe5 Ne6 46. Ra7
Rb3 47. Ba6 Rxb2 48. Rxa5 R8b6 49. Nc3 Rd2 50. Nb5 Rb8 51. Nd6 Nf4+ 52. Kg3
Rb3+ 53. f3 Nh5+ 0-1

[Event "SK Sodingen/Castrop 1 - Gütersloher SV"]
[Site "NRW-Klasse - Gruppe 2 2018/20"]
[Date "2019.01.13"]
[Round "5.7"]
[White "Wulfhorst, Noah"]
[Black "Rohovoy, Dmitrij"]
[Result "1/2-1/2"]
[WhiteElo "1846"]
[BlackElo "1939"]
[Annotator "Daniel"]
[PlyCount "88"]
[EventDate "2019.??.??"]
[WhiteTeam "Gütersloher SV 1"]
[BlackTeam "SK Sodingen/Castrop 1"]

1. c4 Nf6 2. g3 e6 3. Bg2 d5 4. Nf3 c6 5. b3 Nbd7 6. Bb2 Bd6 7. d3 O-O 8. Nc3
Re8 9. e3 e5 10. O-O Nf8 11. Nd2 Bb4 12. Re1 Bg4 13. Qc2 Ne6 14. a3 Ba5 15. b4
Bb6 16. Ne2 d4 17. exd4 Nxd4 18. Nxd4 Bxd4 19. Bxd4 Qxd4 20. Nb3 Qd6 21. h3 Bf5
22. Rad1 Rad8 23. Qc3 Qc7 24. d4 exd4 $11 25. Rxe8+ Rxe8 26. Rxd4 Qe5 27. Qd2
h6 28. Kh2 Qe2 29. Qf4 Be4 30. Nc5 Bxg2 31. Kxg2 b6 32. Nd3 Qa2 33. Ne5 c5 34.
bxc5 bxc5 35. Rd3 Qb1 36. Rd6 Qb2 37. Nd7 Ne4 38. Rd5 Nxf2 39. Rd2 Qb7+ 40.
Kxf2 Qh1 41. Ne5 Qh2+ 42. Kf3 Qh1+ 43. Kf2 Qh2+ 44. Kf3 Qh1+ 1/2-1/2

[Event "SK Sodingen/Castrop 1 - Gütersloher SV"]
[Site "NRW-Klasse - Gruppe 2 2018/20"]
[Date "2019.01.13"]
[Round "5.8"]
[White "Becker, Joerg"]
[Black "Punsaem, Gap"]
[Result "1-0"]
[WhiteElo "2123"]
[BlackElo "1962"]
[PlyCount "81"]
[EventDate "2019.??.??"]
[WhiteTeam "SK Sodingen/Castrop 1"]
[BlackTeam "Gütersloher SV 1"]

1. d4 Nf6 2. Nf3 g6 3. g3 Bg7 4. Bg2 d5 5. O-O O-O 6. c4 c5 7. dxc5 Qa5 8. cxd5
Qxc5 9. Nc3 Rd8 10. Nd2 Na6 11. e4 Bg4 12. Qb3 b6 13. h3 Bd7 14. e5 Nh5 15.
Nde4 Qd4 16. g4 f5 17. exf6 Nxf6 18. d6+ e6 19. Be3 Qe5 20. Rad1 Nxe4 21. Bxe4
Rac8 22. Bg2 Nc5 23. Qa3 Bf8 24. Bd4 Qf4 25. Ne2 Qf7 26. b4 Na4 27. Be5 Bb5 28.
Rd2 Bh6 29. f4 Rc4 30. Rc1 Rdc8 31. Rxc4 Rxc4 32. d7 Bxd7 33. Qd3 Bb5 34. Qd8+
Qe8 35. Qh4 Qf8 36. Rd8 Be8 37. Bd6 g5 38. Bxf8 gxh4 39. Bxh6 Kf7 40. f5 Rc2
41. fxe6+ 1-0

[Event "SF Essen-Katernberg  1 - Godesberger SK"]
[Site "NRW-Klasse - Gruppe 2 2018/20"]
[Date "2019.01.13"]
[Round "5.1"]
[White "Nasuta, Grzegorz"]
[Black "Siebrecht, Sebastian"]
[Result "1/2-1/2"]
[WhiteElo "2502"]
[BlackElo "2411"]
[PlyCount "20"]
[EventDate "2019.??.??"]
[WhiteTeam "Godesberger SK 1"]
[BlackTeam "SF Essen-Katernberg  1"]

1. e4 d6 2. d4 g6 3. Nf3 a6 4. a4 Nf6 5. Bd3 Nc6 6. Nbd2 Bg7 7. O-O O-O 8. d5
Nb4 9. Be2 c5 10. Re1 e6 1/2-1/2

[Event "SF Essen-Katernberg  1 - Godesberger SK"]
[Site "NRW-Klasse - Gruppe 2 2018/20"]
[Date "2019.01.13"]
[Round "5.2"]
[White "Tomic, Bosko"]
[Black "Seger, Ruediger"]
[Result "1/2-1/2"]
[WhiteElo "2355"]
[BlackElo "2323"]
[PlyCount "43"]
[EventDate "2019.??.??"]
[WhiteTeam "SF Essen-Katernberg  1"]
[BlackTeam "Godesberger SK 1"]

1. e4 c6 2. d4 d5 3. Nc3 dxe4 4. Nxe4 Bf5 5. Ng3 Bg6 6. Bc4 e6 7. N1e2 Bd6 8.
Bf4 Nf6 9. O-O O-O 10. Re1 a5 11. Qd2 b5 12. Bxd6 Qxd6 13. Bd3 Nbd7 14. Bxg6
hxg6 15. Nc3 e5 16. Rad1 exd4 17. Qxd4 Qxd4 18. Rxd4 Rfe8 19. Rxe8+ Rxe8 20.
Kf1 Nc5 21. a3 Kf8 22. Rd6 1/2-1/2

[Event "SF Essen-Katernberg  1 - Godesberger SK"]
[Site "NRW-Klasse - Gruppe 2 2018/20"]
[Date "2019.01.13"]
[Round "5.3"]
[White "Koehler, Christian Friedrich"]
[Black "Rosen, Bernd"]
[Result "1-0"]
[WhiteElo "2219"]
[BlackElo "2293"]
[Annotator "Daniel"]
[PlyCount "147"]
[EventDate "2019.??.??"]
[WhiteTeam "Godesberger SK 1"]
[BlackTeam "SF Essen-Katernberg  1"]

1. e4 e6 2. d4 d5 3. e5 c5 4. c3 Qb6 5. Nf3 Nc6 6. a3 Nge7 7. dxc5 Qc7 8. Be3
Ng6 9. Bb5 Be7 10. Bd4 O-O 11. Bxc6 bxc6 12. O-O a5 13. b4 Ba6 14. Re1 Rfb8 15.
g3 Ra7 16. Nbd2 Bb5 17. Qc1 Ba4 18. Rb1 Rab7 $11 19. Nb3 Bxb3 20. Rxb3 Nf8 21.
Rb1 Nd7 22. Ra1 Ra8 23. Nd2 Qb8 24. f4 Bd8 25. Nb3 Rba7 26. Qb2 Qb5 27. Nd2 Qb7
28. Nf3 Ra6 29. Ra2 Qb5 30. Kf2 Rb8 31. Rea1 Qc4 32. Qc2 axb4 33. cxb4 Qxc2+
34. Rxc2 f6 35. Re2 Kf7 36. Bc3 Rba8 37. Bb2 fxe5 38. fxe5 h6 39. Rf1 Bc7 40.
Ke1 Kg8 41. Nd2 Rf8 42. Rxf8+ Kxf8 43. Re3 Ke7 44. Bd4 Ra8 45. Nf3 Nb8 46. Kd2
Na6 47. Kc3 Bd8 48. Kb3 Kd7 49. Bc3 Rb8 50. Kc2 Nc7 51. Nd4 Nb5 52. Kb3 Bc7 53.
Nxb5 cxb5 54. Rf3 Ke8 55. a4 bxa4+ 56. Kxa4 Ra8+ 57. Kb3 Rb8 58. g4 Bd8 59. h3
Be7 60. Bd4 Bg5 61. Rf2 Bh4 62. Rf1 Bg5 63. Ra1 Bd2 64. Ra4 Kd7 65. Ra7+ Ke8
66. Bc3 Be3 67. Kc2 d4 68. Be1 Bf4 69. Rxg7 Kf8 70. Rg6 Ke7 71. Kd3 Bxe5 72.
Rxh6 Rf8 73. Rh7+ Kd8 74. Ke4 1-0

[Event "SF Essen-Katernberg  1 - Godesberger SK"]
[Site "NRW-Klasse - Gruppe 2 2018/20"]
[Date "2019.01.13"]
[Round "5.4"]
[White "Wessendorf, Thomas"]
[Black "Grabowski, Pawel"]
[Result "1/2-1/2"]
[WhiteElo "2182"]
[BlackElo "2231"]
[PlyCount "167"]
[EventDate "2019.??.??"]
[WhiteTeam "SF Essen-Katernberg  1"]
[BlackTeam "Godesberger SK 1"]

1. e4 e5 2. Nf3 Nc6 3. Bb5 a6 4. Ba4 Nf6 5. O-O b5 6. Bb3 Be7 7. Re1 d6 8. c3
O-O 9. a4 Bb7 10. d4 exd4 11. cxd4 Nb4 12. Nc3 c5 13. d5 Qb8 14. Bf4 c4 15. Bc2
Nd7 16. Nd4 Nxc2 17. Qxc2 b4 18. Nf5 Re8 19. Nd1 Qc7 20. Nde3 Rac8 21. Nxe7+
Rxe7 22. Nf5 Re5 23. Qd2 a5 24. Bxe5 Nxe5 25. Qd4 f6 26. Re3 g6 27. Rg3 Kh8 28.
Ne3 Qc5 29. Nc2 Qxd4 30. Nxd4 Ba6 31. Rc1 g5 32. Re3 Re8 33. f3 g4 34. Rc2 gxf3
35. gxf3 Nd3 36. Nc6 b3 37. Rg2 c3 38. bxc3 b2 39. Rxb2 Nxb2 40. Re1 Rg8+ 41.
Kh1 Nxa4 42. Ne7 Rd8 43. Ra1 Nxc3 44. Rxa5 Bf1 45. Kg1 Bh3 46. Kf2 Rd7 47. Nc6
f5 48. Kg3 Bf1 49. Kf2 Bc4 50. Ke3 fxe4 51. fxe4 Bf1 52. Nd4 Kg7 53. Nf5+ Kf6
54. Ra8 Nxd5+ 55. exd5 Kxf5 56. Rf8+ Ke5 57. Rxf1 Ra7 58. h4 Ra3+ 59. Kf2 Rh3
60. Re1+ Kxd5 61. Rd1+ Ke5 62. Re1+ Kf6 63. Rd1 Ke6 64. Re1+ Kd5 65. Rd1+ Kc6
66. Rc1+ Kd7 67. Rc4 Rh2+ 68. Ke3 Rh1 69. Ra4 Re1+ 70. Kf3 Ke6 71. Ra7 Rf1+ 72.
Ke4 Rf7 73. Ra8 Rg7 74. Kf3 Ke5 75. Re8+ Kd4 76. Re4+ Kc5 77. Re8 Rf7+ 78. Ke3
Rf6 79. Ke4 Rh6 80. Rc8+ Kb4 81. Kd5 Rxh4 82. Kxd6 h5 83. Ke5 Rc4 84. Rxc4+
1/2-1/2

[Event "SF Essen-Katernberg  1 - Godesberger SK"]
[Site "NRW-Klasse - Gruppe 2 2018/20"]
[Date "2019.01.13"]
[Round "5.5"]
[White "Schulte-Geers, Niklas"]
[Black "Kueppers, Timo"]
[Result "0-1"]
[WhiteElo "2118"]
[BlackElo "2236"]
[PlyCount "106"]
[EventDate "2019.??.??"]
[WhiteTeam "Godesberger SK 1"]
[BlackTeam "SF Essen-Katernberg  1"]

1. d4 Nf6 2. c4 g6 3. Nc3 Bg7 4. e4 d6 5. Nf3 O-O 6. h3 e5 7. d5 Nh5 8. g3 Na6
9. Be2 f5 10. exf5 gxf5 11. Bg5 Nf6 12. Nh4 h6 13. Be3 Nc5 14. Qc2 Nce4 15.
Nxe4 fxe4 16. O-O-O c6 17. dxc6 bxc6 18. Qd2 Ne8 19. Bh5 Rf6 20. g4 Be6 21. g5
hxg5 22. Bxg5 Rxf2 23. Bxd8 Rxd2 24. Rxd2 Rxd8 25. Rg1 Nf6 26. Bd1 Kf7 27. Kb1
Bh6 28. Rc2 e3 29. Bf3 e4 30. Bg4 Bxg4 31. hxg4 Bg5 32. Nf5 Rd7 33. Nd4 Rc7 34.
c5 d5 35. b4 Kg6 36. a4 Nd7 37. b5 cxb5 38. c6 Ne5 39. axb5 Nf3 40. Rd1 Nd2+
41. Ka2 Kf6 42. b6 axb6 43. Nb5 Rc8 44. Na7 Ra8 45. c7 Rxa7+ 46. Kb2 Rxc7 47.
Rxc7 Ke5 48. Rf7 Bh4 49. Kc2 Nf3 50. Rf5+ Ke6 51. Rfxd5 e2 52. Rd6+ Ke5 53.
Rxb6 Nd4+ 0-1

[Event "SF Essen-Katernberg  1 - Godesberger SK"]
[Site "NRW-Klasse - Gruppe 2 2018/20"]
[Date "2019.01.13"]
[Round "5.6"]
[White "Gassmann, Volker"]
[Black "Stenzel, Thomas"]
[Result "1-0"]
[WhiteElo "2171"]
[BlackElo "2117"]
[PlyCount "83"]
[EventDate "2019.??.??"]
[WhiteTeam "SF Essen-Katernberg  1"]
[BlackTeam "Godesberger SK 1"]

1. c4 Nf6 2. Nc3 g6 3. d4 Bg7 4. e4 d6 5. Be2 O-O 6. Bg5 c5 7. d5 Na6 8. Nf3
Nc7 9. a4 Na6 10. h3 Nb4 11. O-O a6 12. Re1 h6 13. Be3 Kh7 14. Bf1 b6 15. Bf4
Ne8 16. Qd2 Ra7 17. e5 g5 18. Bh2 Bf5 19. Ne4 Kg8 20. Ra3 Bg6 21. Rae3 e6 22.
dxe6 fxe6 23. exd6 Nc6 24. Bd3 Bh5 25. g4 Bf7 26. Bb1 Kh8 27. a5 Rd7 28. axb6
Qxb6 29. b3 Bg8 30. b4 cxb4 31. c5 Qa5 32. h4 Rdf7 33. d7 Nc7 34. hxg5 Nd5 35.
gxh6 Bxh6 36. Ne5 Bxe3 37. Rxe3 Bh7 38. Nxc6 Qb5 39. Be5+ Kg8 40. Rh3 Nf4 41.
Nf6+ Rxf6 42. Ne7+ 1-0

[Event "SF Essen-Katernberg  1 - Godesberger SK"]
[Site "NRW-Klasse - Gruppe 2 2018/20"]
[Date "2019.01.13"]
[Round "5.7"]
[White "Kutzner, Stephen"]
[Black "Kaeding, Rainer"]
[Result "1-0"]
[WhiteElo "2183"]
[BlackElo "2129"]
[Annotator "Daniel"]
[PlyCount "117"]
[EventDate "2019.??.??"]
[WhiteTeam "Godesberger SK 1"]
[BlackTeam "SF Essen-Katernberg  1"]

1. d4 d5 2. c4 e6 3. Nc3 c6 4. e4 dxe4 5. Nxe4 Bb4+ 6. Nc3 c5 7. Be3 Nf6 8. Nf3
O-O 9. Be2 Nc6 10. O-O cxd4 11. Nxd4 e5 12. Nxc6 bxc6 13. Qc2 Be6 14. Rfd1 Qa5
15. Ne4 Nxe4 16. Qxe4 Rfc8 17. c5 Bxc5 18. Bd3 Bxe3 19. Qxh7+ Kf8 20. fxe3 Rab8
21. Bc4 Bxc4 22. Qh8+ Ke7 23. Qh4+ f6 24. Qxc4 Qb4 25. Qd3 Rd8 26. Qc2 Rxd1+
27. Rxd1 Rd8 $11 28. Rc1 Rd6 29. a3 Qb6 30. Kf2 Qa5 31. Rd1 Rxd1 32. Qxd1 Qb6
33. Qc2 a5 34. Kf3 Qb5 35. Kg4 Qd5 36. Kg3 e4 37. Kf2 Qf5+ 38. Kg1 Qd5 39. h3
Kd6 40. Qc3 Qd3 41. Qe1 g5 42. Kh1 Ke6 43. Qxa5 Qxe3 44. Qc3 Qxc3 45. bxc3 Kd5
46. Kg1 Kc4 47. Kf2 Kd3 48. Ke1 Kxc3 49. a4 Kb4 50. a5 Kxa5 51. g3 c5 52. h4
gxh4 53. gxh4 c4 54. h5 c3 55. h6 e3 56. Kd1 Kb4 57. h7 Kb3 58. h8=Q e2+ 59.
Kxe2 1-0

[Event "SF Essen-Katernberg  1 - Godesberger SK"]
[Site "NRW-Klasse - Gruppe 2 2018/20"]
[Date "2019.01.13"]
[Round "5.8"]
[White "Neuer, Thomas"]
[Black "Wecker, Martin"]
[Result "1/2-1/2"]
[WhiteElo "2132"]
[BlackElo "2098"]
[PlyCount "56"]
[EventDate "2019.??.??"]
[WhiteTeam "SF Essen-Katernberg  1"]
[BlackTeam "Godesberger SK 1"]

1. Nf3 d5 2. g3 Nf6 3. Bg2 e6 4. d4 Be7 5. c4 O-O 6. O-O dxc4 7. Qa4 a6 8. Qxc4
b5 9. Qc2 Bb7 10. Bg5 Nbd7 11. Bxf6 Nxf6 12. Nbd2 Rc8 13. Nb3 c5 14. dxc5 Ne4
15. Rfd1 Qc7 16. c6 Qxc6 17. Qxc6 Bxc6 18. Ne5 Bd5 19. Rac1 Rfd8 20. Na5 Rxc1
21. Rxc1 Kf8 22. Nd3 f5 23. Nc6 Rc8 24. Nxe7 Rxc1+ 25. Nxc1 Kxe7 26. f4 Kd6 27.
Bxe4 Bxe4 28. Kf2 Bb1 1/2-1/2

[Event "Düsseldorfer SK 2 - SK Königsspringer"]
[Site "NRW-Klasse - Gruppe 2 2018/20"]
[Date "2019.01.13"]
[Round "5.1"]
[White "Scheider, Julian"]
[Black "Harff, Marcel"]
[Result "1/2-1/2"]
[WhiteElo "2320"]
[BlackElo "2389"]
[PlyCount "44"]
[EventDate "2019.??.??"]
[WhiteTeam "SK Königsspringer Iserlohn 1"]
[BlackTeam "Düsseldorfer SK 2"]

1. e4 e6 2. d4 d5 3. Nc3 Bb4 4. Nge2 dxe4 5. a3 Be7 6. Nxe4 Nf6 7. N2g3 Nbd7 8.
c3 O-O 9. Bd3 c5 10. Nxc5 Bxc5 11. dxc5 Nxc5 12. Bc2 Qxd1+ 13. Kxd1 Rd8+ 14.
Ke1 b6 15. Bg5 Rd5 16. Bxf6 gxf6 17. Rd1 Rxd1+ 18. Kxd1 Bb7 19. f3 f5 20. Kc1
Kf8 21. Rd1 Ke7 22. Re1 Kd6 1/2-1/2

[Event "Düsseldorfer SK 2 - SK Königsspringer"]
[Site "NRW-Klasse - Gruppe 2 2018/20"]
[Date "2019.01.13"]
[Round "5.3"]
[White "Schmitz, Philipp"]
[Black "Reinke, Markus"]
[Result "1-0"]
[WhiteElo "2183"]
[BlackElo "2200"]
[PlyCount "57"]
[EventDate "2019.??.??"]
[WhiteTeam "SK Königsspringer Iserlohn 1"]
[BlackTeam "Düsseldorfer SK 2"]

1. e4 d5 2. exd5 Nf6 3. Bb5+ Nbd7 4. Nc3 a6 5. Be2 Nb6 6. Nf3 Nfxd5 7. Nxd5
Qxd5 8. d4 Bg4 9. b3 e6 10. c4 Bb4+ 11. Bd2 Bxd2+ 12. Qxd2 Qd8 13. Qf4 Bxf3 14.
Bxf3 c6 15. O-O O-O 16. Rad1 a5 17. a4 Qe7 18. Rfe1 Qb4 19. Be4 Rad8 20. Re3
Rd7 21. Qh4 g6 22. g4 Rfd8 23. Rh3 h5 24. gxh5 Rxd4 25. hxg6 Rxd1+ 26. Kg2 Kg7
27. Qf4 R1d7 28. Rh7+ Kf8 29. Qf6 1-0

[Event "Düsseldorfer SK 2 - SK Königsspringer"]
[Site "NRW-Klasse - Gruppe 2 2018/20"]
[Date "2019.01.13"]
[Round "5.4"]
[White "Hoenig, Alexander"]
[Black "Runtemund, Rene"]
[Result "1-0"]
[WhiteElo "2155"]
[BlackElo "2035"]
[Annotator "Daniel"]
[PlyCount "113"]
[EventDate "2019.??.??"]
[WhiteTeam "Düsseldorfer SK 2"]
[BlackTeam "SK Königsspringer Iserlohn 1"]

1. d4 e6 2. Nf3 f5 3. Bg5 Nf6 4. Nbd2 d5 5. e3 Bd6 6. c4 c6 7. Ne5 O-O 8. Be2
Nbd7 9. f4 Qe8 10. Nxd7 Bxd7 11. Bxf6 Rxf6 12. c5 Bc7 13. b4 a5 14. a3 Rf8 15.
O-O Qb8 16. Nb3 Ra7 17. Qd2 Qa8 18. Rfb1 b5 19. cxb6 Bxb6 20. bxa5 Bxa5 $11 21.
Nxa5 Rxa5 22. Qb4 Qa7 23. Kf2 Rc8 24. Rc1 c5 25. Rxc5 Rcxc5 26. dxc5 Rxc5 27.
Bd3 Ra5 28. Qd6 Rc5 29. Rb1 Rc3 30. Rb8+ Kf7 31. Rf8+ Kg6 32. Bxf5+ Kh6 33.
Rf6+ Kh5 34. Rxe6 Bxe6 35. Qxe6 Rc7 36. Bg6+ Kh6 37. Bd3+ g6 38. Qxd5 Rc5 39.
Qd6 Rc8 40. Be2 Re8 41. Qd3 Ra8 42. g4 Kg7 43. Qc3+ Kf7 44. Bc4+ Ke7 45. Qe5+
Kd7 46. Bb5+ Kc8 47. Qh8+ Kc7 48. Qxh7+ Kb6 49. Qxa7+ Rxa7 50. a4 Rh7 51. Kg3
Rd7 52. Kf3 Rh7 53. Be8 g5 54. fxg5 Rxh2 55. g6 Rh8 56. Bf7 Rf8 57. Ke4 1-0

[Event "Düsseldorfer SK 2 - SK Königsspringer"]
[Site "NRW-Klasse - Gruppe 2 2018/20"]
[Date "2019.01.13"]
[Round "5.5"]
[White "Klauke, Stefan"]
[Black "von Buenau, Heinrich"]
[Result "1/2-1/2"]
[WhiteElo "2119"]
[BlackElo "2167"]
[Annotator "Daniel"]
[PlyCount "113"]
[EventDate "2019.??.??"]
[WhiteTeam "SK Königsspringer Iserlohn 1"]
[BlackTeam "Düsseldorfer SK 2"]

1. e4 e6 2. d4 d5 3. Nc3 Nc6 4. Be3 dxe4 5. Nxe4 Nf6 6. Nxf6+ Qxf6 7. Nf3 h6 8.
Bb5 Bd6 9. Bxc6+ bxc6 10. O-O O-O 11. Re1 Rd8 12. Qd3 Rb8 13. b3 c5 14. Qe2 Qe7
15. Rad1 Bb7 16. dxc5 Bxc5 17. Ne5 Bb4 18. Rxd8+ Rxd8 19. Rd1 Bc3 20. f4 $11 a6
21. h3 Rxd1+ 22. Qxd1 Qd6 23. Qxd6 cxd6 24. Nd3 f5 25. Kf2 e5 26. fxe5 dxe5 27.
Nc5 Bc8 28. Ke2 f4 29. Bd2 Bd4 30. Nd3 Bb7 31. c3 Bb6 32. Nxe5 Bxg2 33. h4 g5
34. hxg5 hxg5 35. c4 Bd4 36. Nf3 Bf6 37. Ne1 Be4 38. Nd3 Kf7 39. Nxf4 gxf4 40.
Bxf4 Bb1 41. Kd2 Ke6 42. Bc7 Kd7 43. Ba5 Kc6 44. Kc1 Bf5 45. b4 Be6 46. b5+
axb5 47. cxb5+ Kxb5 48. Bc7 Bxa2 49. Kd2 Kc6 50. Bf4 Kd5 51. Be3 Bb3 52. Ke2
Ke4 53. Kd2 Bc4 54. Bh6 Bd3 55. Bf8 Kd4 56. Bc5+ Kc4 57. Bb6 1/2-1/2

[Event "Düsseldorfer SK 2 - SK Königsspringer"]
[Site "NRW-Klasse - Gruppe 2 2018/20"]
[Date "2019.01.13"]
[Round "5.6"]
[White "Berndt, Axel"]
[Black "Kind, Bertram"]
[Result "1/2-1/2"]
[WhiteElo "2125"]
[BlackElo "2109"]
[PlyCount "69"]
[EventDate "2019.??.??"]
[WhiteTeam "Düsseldorfer SK 2"]
[BlackTeam "SK Königsspringer Iserlohn 1"]

1. e4 c5 2. c3 d6 3. d4 Nf6 4. Bd3 Nc6 5. Nf3 Bg4 6. d5 Nb8 7. h3 Bd7 8. O-O g6
9. Re1 Bg7 10. a4 O-O 11. Nbd2 Na6 12. Nc4 Nc7 13. Bg5 b6 14. Qd2 Rb8 15. Bh6
a6 16. Qg5 Nfe8 17. Bxg7 Kxg7 18. Nh4 b5 19. axb5 axb5 20. Ne3 e5 21. Qg3 Kh8
22. Nf3 Ng7 23. Ra7 Nh5 24. Qh2 Nf4 25. Bf1 Ra8 26. Rea1 Qe7 27. g3 Nh5 28. h4
Rfc8 29. Bh3 Nf6 30. Ng5 Rxa7 31. Rxa7 h6 32. Nf3 Nxe4 33. Bxd7 Qxd7 34. g4 Qe7
35. g5 1/2-1/2

[Event "Düsseldorfer SK 2 - SK Königsspringer"]
[Site "NRW-Klasse - Gruppe 2 2018/20"]
[Date "2019.01.13"]
[Round "5.7"]
[White "Messarius, Juergen"]
[Black "Partenheimer, Axel"]
[Result "1/2-1/2"]
[WhiteElo "2119"]
[BlackElo "2097"]
[PlyCount "42"]
[EventDate "2019.??.??"]
[WhiteTeam "SK Königsspringer Iserlohn 1"]
[BlackTeam "Düsseldorfer SK 2"]

1. e4 c5 2. Nf3 e6 3. d4 cxd4 4. Nxd4 Nc6 5. Nb3 Nf6 6. Bd3 d5 7. exd5 Nxd5 8.
a3 Be7 9. Qe2 Qc7 10. g3 O-O 11. f4 Re8 12. Qf3 Nf6 13. Nc3 e5 14. O-O Bg4 15.
Qf2 Bh3 16. Nb5 Qb8 17. Re1 Ng4 18. Qf3 a6 19. Bf1 Bxf1 20. Rxf1 Nf6 21. Nc3
Nd4 1/2-1/2

[Event "Düsseldorfer SK 2 - SK Königsspringer"]
[Site "NRW-Klasse - Gruppe 2 2018/20"]
[Date "2019.01.13"]
[Round "5.8"]
[White "Toel, Karl-Ludwig"]
[Black "Franz, Christian"]
[Result "1-0"]
[WhiteElo "1887"]
[BlackElo "2046"]
[PlyCount "81"]
[EventDate "2019.??.??"]
[WhiteTeam "Düsseldorfer SK 2"]
[BlackTeam "SK Königsspringer Iserlohn 1"]

1. c4 Nf6 2. Nc3 g6 3. d4 Bg7 4. e4 d6 5. g3 O-O 6. Bg2 e5 7. Nf3 Nc6 8. d5 Ne7
9. O-O Ne8 10. Be3 f5 11. Rc1 h6 12. Ne1 f4 13. gxf4 exf4 14. Bd4 g5 15. Bxg7
Nxg7 16. Bf3 Ng6 17. Nd3 Nh4 18. Bg4 f3 19. Bxc8 Qxc8 20. Kh1 Nh5 21. Rg1 Qe8
22. Qd2 Ng2 23. Ne1 Nxe1 24. Rcxe1 Rf4 25. e5 dxe5 26. Ne4 Qe7 27. c5 Ng7 28.
d6 cxd6 29. cxd6 Qe6 30. Nc5 Qh3 31. Qd5+ Kh8 32. Qxe5 Re8 33. Qxe8+ Nxe8 34.
d7 Ng7 35. d8=Q+ Kh7 36. Qd7 Qxd7 37. Nxd7 Nf5 38. Nf8+ Kg8 39. Ne6 Rc4 40. Rc1
Rb4 41. Nxg5 1-0

[Event "Südlohner SV 1 - Bielefelder SK 1"]
[Site "NRW-Klasse - Gruppe 2 2018/20"]
[Date "2019.01.13"]
[Round "5.1"]
[White "Forchert, Martin"]
[Black "van Lith, Arjan"]
[Result "1/2-1/2"]
[WhiteElo "2270"]
[BlackElo "2157"]
[PlyCount "130"]
[EventDate "2019.??.??"]
[WhiteTeam "Bielefelder SK 1"]
[BlackTeam "Südlohner SV 1"]

1. e4 c5 2. Nf3 Nc6 3. Bb5 g6 4. Bxc6 dxc6 5. d3 Bg7 6. h3 Qc7 7. Nc3 e5 8. Be3
b6 9. Qd2 Be6 10. Ng5 Bd7 11. f4 f6 12. Nf3 h6 13. O-O-O O-O-O 14. g4 g5 15. f5
h5 16. gxh5 Be8 17. Qg2 Bxh5 18. Rdg1 Bh6 19. Nh2 Rd7 20. Ng4 Bxg4 21. hxg4
Rdh7 22. Ne2 Bf8 23. Ng3 Qf7 24. b3 Kb7 25. Kd2 Rh4 26. Nh5 Nh6 27. Rxh4 gxh4
28. Nxf6 Qxf6 29. g5 Qd6 30. gxh6 Bxh6 31. Bxh6 Qxh6+ 32. Qg5 b5 33. Qxh6 Rxh6
34. Ke2 c4 35. Rg6 Rh8 36. Kf2 cxd3 37. cxd3 Kc7 38. Rg7+ Kd6 39. b4 a5 40.
Rg6+ Kd7 41. a3 h3 42. Kg1 h2+ 43. Kh1 axb4 44. axb4 Rh3 45. Re6 Rxd3 46. Rxe5
Rb3 47. Kxh2 Rxb4 48. f6 Rb1 49. Kg2 Rb2+ 50. Kg3 Rb1 51. Re7+ Kd8 52. e5 Rf1
53. Kg4 b4 54. Rb7 c5 55. Kg5 Kc8 56. Rb5 Kd7 57. Rxc5 Ke6 58. Rb5 Rb1 59. Rb6+
Kxe5 60. f7 Rf1 61. Kg6 Rf4 62. Kg7 Rg4+ 63. Kf8 Kd5 64. Ke7 Re4+ 65. Kd7 Rf4
1/2-1/2

[Event "Südlohner SV 1 - Bielefelder SK 1"]
[Site "NRW-Klasse - Gruppe 2 2018/20"]
[Date "2019.01.13"]
[Round "5.2"]
[White "Kolakovic, Klaudio"]
[Black "Gruen, Gerd-Peter"]
[Result "0-1"]
[WhiteElo "2119"]
[BlackElo "2227"]
[PlyCount "194"]
[EventDate "2019.??.??"]
[WhiteTeam "Südlohner SV 1"]
[BlackTeam "Bielefelder SK 1"]

1. e4 e5 2. Nf3 Nc6 3. Bb5 Nf6 4. d3 Bc5 5. Bg5 h6 6. Bh4 Nd4 7. Nxd4 Bxd4 8.
c3 Bb6 9. Qf3 c6 10. Bc4 g5 11. Bg3 d6 12. Qe2 Bg4 13. f3 Be6 14. Bxe6 fxe6 15.
Bf2 Bxf2+ 16. Qxf2 Qb6 17. Qxb6 axb6 18. Nd2 b5 19. Ke2 Ke7 20. a3 d5 21. Ra2
h5 22. Rha1 h4 23. a4 bxa4 24. Rxa4 Rxa4 25. Rxa4 Nh5 26. Kf1 Kd6 27. d4 exd4
28. cxd4 Nf4 29. Ra3 Kc7 30. Kf2 Kb8 31. Rb3 Rh7 32. Rc3 Kc7 33. Ra3 Rh8 34.
Kf1 Rd8 35. e5 Kb8 36. g3 hxg3 37. hxg3 Ng6 38. b4 Ne7 39. Kg2 Nf5 40. Rd3 Kc7
41. Kh3 Ra8 42. Kg4 Ra4 43. Nb3 b6 44. Kxg5 Nxg3 45. Kf6 Kd7 46. f4 Ne4+ 47.
Kf7 Rxb4 48. f5 exf5 49. e6+ Kc7 50. e7 Nd6+ 51. Ke6 Ra4 52. Nd2 Ra8 53. Nf3
Rh8 54. Ra3 Rh6+ 55. Ke5 Kd7 56. Ra7+ Ke8 57. Ng5 Nf7+ 58. Nxf7 Kxf7 59. Kxf5
Rf6+ 60. Kg5 Re6 61. Rc7 Re4 62. Rxc6 Rxd4 63. e8=Q+ Kxe8 64. Rxb6 Kd7 65. Kf5
Re4 66. Ra6 Re1 67. Kf4 Kc7 68. Kf3 Kd7 69. Kf4 Re6 70. Ra7+ Kd6 71. Ra6+ Ke7
72. Ra7+ Kf6 73. Rd7 Re4+ 74. Kf3 Ke5 75. Ra7 Rb4 76. Ke3 Rb3+ 77. Kd2 Ke4 78.
Rh7 Kd4 79. Rh4+ Kc5 80. Rh5 Kc4 81. Rh8 Rb2+ 82. Kd1 d4 83. Rh3 Ra2 84. Rh7
Kc3 85. Rc7+ Kd3 86. Ke1 Ra1+ 87. Kf2 Kd2 88. Rb7 d3 89. Rc7 Ra8 90. Kf1 Rf8+
91. Kg2 Kd1 92. Rc6 d2 93. Rc7 Rf5 94. Rc6 Ke2 95. Re6+ Kd3 96. Rd6+ Ke3 97.
Kg1 Rf4 0-1